Gentílicos das capitais dos estados do Brasil - Statistics

Estatísticas Gerais
  • Esse quiz foi jogado 167 vezes
  • A pontuação média é 18 de 27
Estatísticas das Respostas
Hint Resposta % Correto
Rio de Janeiro Carioca
93%
Curitiba Curitibano
86%
Brasília Brasiliense
84%
São Paulo Paulistano
83%
Cuiabá Cuiabano
81%
Recife Recifense
78%
Porto Alegre Portoalegrense
76%
Campo Grande Campo-grandense
75%
Manaus Manauara/Manauense
75%
Natal Natalense
75%
Belo Horizonte Belo-horizontino
71%
Palmas Palmense
71%
Fortaleza Fortalezense
67%
Porto Velho Porto-velhense
67%
Aracaju Aracajuano
66%
Goiânia Goianiense
66%
Teresina Teresinense
66%
Rio Branco Rio-branquense
65%
Boa Vista Boa-vistense
64%
Macapá Macapaense
64%
Vitória Vitoriense
63%
Salvador Soteropolitano
61%
Maceió Maceioense
58%
Belém Belenense
53%
João Pessoa Pessoense
43%
Florianópolis Florianopolitano
41%
São Luís Ludovicense
17%
Nenhum quiz correspondente encontrado
Distribuição das Pontuações
Porcentagem de Pessoas com Cada Pontuação
Percentil de Números Respondidos
Sua Pontuação Histórica
Você não jogou esse quiz